| 000 | 01635cam a22004577a 4500 | ||
|---|---|---|---|
| 001 | 000093247 | ||
| 003 | CHAP | ||
| 005 | 20220329142925.0 | ||
| 008 | 050228d2005 mx ad r 00110 spa d | ||
| 010 | _a89713 | ||
| 011 | _a90685 | ||
| 035 | _a101242 | ||
| 040 | _cCHAP | ||
| 090 | _aTesis | ||
| 100 | 0 | 0 |
_aAntonio Martinez, Gloria. _96096 |
| 245 | 1 | 0 |
_aPrototipo de cisterna para la captación de agua de lluvia para uso doméstico / _c/por Gloria Antonio Martínez. |
| 260 |
_aChapingo, Méx. : _bEl autor, _c2005. |
||
| 300 |
_a64 h. : _bilus. ; gráfs. ; cuadros. |
||
| 502 | _aTesis (Ing. en Agroecología) -- UACH. Departamento de Agroecología | ||
| 590 |
_aALEPH _b10 _c20130110 _lUCH01 _h1504 |
||
| 590 |
_aBATCH-UPD _b10 _c20130110 _lUCH01 _h1317 |
||
| 590 |
_aBATCH-UPD _b10 _c20130410 _lUCH01 _h0828 |
||
| 590 |
_aBATCH-UPD _b10 _c20140324 _lUCH01 _h1449 |
||
| 590 |
_aBATCH-UPD _b10 _c20141002 _lUCH01 _h0825 |
||
| 590 |
_aBATCH _b00 _c20181121 _lUCH01 _h0758 |
||
| 590 |
_aCONVERSION _b10 _c20130109 _lUCH01 _h1350 |
||
| 590 |
_aE12093SGE _b10 _c20130619 _lUCH01 _h1256 |
||
| 650 | 1 | 4 |
_aAgua de lluvia _xAlmacenamiento. _92413 |
| 650 | 1 | 4 |
_aAgua _xAbastecimiento. _92223 |
| 650 | 1 | 4 |
_aAgua _xPurificacion. _92397 |
| 650 | 1 | 4 |
_aEscurrimiento. _937675 |
| 650 | 1 | 4 |
_aLluvia. _967312 |
| 856 |
_3Finding aid _uhttp://10.13.5.2/tesis/101242.pdf _zTeclea aquí |
||
| 856 |
_a1 _n0000402 |
||
| 901 | _aBK | ||
| 905 | _aMarco A. Mendoza T. | ||
| 942 | _cCD | ||
| 942 | _n0 | ||
| 949 |
_aTesis _bBC _cTES _d1012421 _eTS1 _gDonaciØn _h43581 _i101242 _sb |
||
| 949 |
_aTesis _bBC _cTES _d33724000943296 _eTS2 _fc.2 _gDonaciØn _h43582 _i101242 _si |
||
| 999 |
_c89713 _d89713 |
||